000
00317nam a2200121Ia 4500
005
20251222144919.0
008
251222s9999||||xx |||||||||||||| ||spa||
082
_a
869.56/V31
100
_a
Varela Tafur, Ana
245
0
_a
Voces desde la Orilla
264
_b
Universidad Nacional de la AmazonÃa Peruana
942
_c
LIB
999
_c
22660
_d
22660